The end of the affair (Record no. 67072)
[ view plain ]
| 000 -LEADER | |
|---|---|
| fixed length control field | 01194cam a2200229 4500 |
| 001 - CONTROL NUMBER | |
| control field | ABS63939 |
| 008 - FIXED-LENGTH DATA ELEMENTS--GENERAL INFORMATION | |
| fixed length control field | 000000n2001 000 0 eng u |
| 035 ## - SYSTEM CONTROL NUMBER | |
| System control number | (Sirsi) u112679 |
| 100 ## - MAIN ENTRY--PERSONAL NAME | |
| Personal name | Yule, I |
| 245 #4 - TITLE STATEMENT | |
| Title | The end of the affair |
| 260 ## - PUBLICATION, DISTRIBUTION, ETC. | |
| Date of publication, distribution, etc. | 2001 |
| 490 ## - SERIES STATEMENT | |
| Series statement | Building |
| Volume/sequential designation | 266(8184) 11 May 2001, 48(1) |
| 520 ## - SUMMARY, ETC. | |
| Summary, etc. | Discusses the difficulties involved in proving contractors are in breach of contract and being able to legally terminate contracts. Looks at the case of "Bedfordshire CC v Fitzpatrick" where the council itself committed a repudiatory breach of the contract by failing to give Fitzpatrick sufficient time to respond. Also considers the case of "Rice v Great Yarmouth BC"(CA [2003] TCLR 1] here the council lost despite a clause which specified the council could terminate 'if the contractor...commits a breach of any of its obligations under the contract'. |
| 590 ## - LOCAL NOTE (RLIN) | |
| Local note | ABS |
| 650 ## - SUBJECT ADDED ENTRY--TOPICAL TERM | |
| Topical term or geographic name entry element | TERMINATION |
| 650 ## - SUBJECT ADDED ENTRY--TOPICAL TERM | |
| Topical term or geographic name entry element | BUILT ENVIRONMENT-BUILDING CONTRACT FORMS |
| 650 ## - SUBJECT ADDED ENTRY--TOPICAL TERM | |
| Topical term or geographic name entry element | RICE V GREAT YARMOUTH BC |
| 650 ## - SUBJECT ADDED ENTRY--TOPICAL TERM | |
| Topical term or geographic name entry element | BEDFORDSHIRE CC V FITZPATRICK CONTRACTORS LTD |
| 650 ## - SUBJECT ADDED ENTRY--TOPICAL TERM | |
| Topical term or geographic name entry element | BREACH OF CONTRACT |
| 690 ## - LOCAL SUBJECT ADDED ENTRY--TOPICAL TERM (OCLC, RLIN) | |
| Topical term or geographic name as entry element | BUILT ENVIRONMENT-BUILDING CONTRACT FORMS |
| 942 ## - ADDED ENTRY ELEMENTS (KOHA) | |
| Suppress in OPAC | 0 |
| Withdrawn status | Lost status | Source of classification or shelving scheme | Damaged status | Not for loan | Home library | Current library | Shelving location | Date acquired | Total Checkouts | Full call number | Barcode | Date last seen | Copy number | Price effective from | Koha item type |
|---|---|---|---|---|---|---|---|---|---|---|---|---|---|---|---|
| Dewey Decimal Classification | London | London | Journal article | 21/05/2001 | ABS63939 | 112679-1001 | 06/08/2019 | 1 | 06/08/2019 | Journal article |